| 000 | 00988nam a2200241Ia 4500 | ||
|---|---|---|---|
| 003 | Ost | ||
| 005 | 20260507075115.0 | ||
| 008 | 260507s9999||||xx |||||||||||||| ||und|| | ||
| 020 | _a7078609961 | ||
| 040 | _cfsecg | ||
| 041 | _aara | ||
| 082 | _a658.154 | ||
| 100 |
_aفركوس، محمد _eمؤلف |
||
| 245 | 0 |
_aأعمال موجهة في الموازنات التقديرية / _c محمد فركوس |
|
| 250 | _aطبعة 2 | ||
| 260 |
_aالجزائر: _bديوان المطبوعات الجامعية, _c2008 |
||
| 300 |
_a212 صفحة؛ _bإيضاحات ؛ _c24 سم |
||
| 490 |
_aسلسلة اصدرات بميك _v20 |
||
| 520 | _aالتنبؤ بالمبيعات- تقييم مدى ملائمة التنبؤات باختيار مصداقية الطبقة المستعملة حساب المعاملات الموسمية- إعداد موازنة المبيعات | ||
| 653 | _aالموازنات- المبيعات | ||
| 653 | _aالميزانية | ||
| 942 | _cكتاب | ||
| 999 |
_c43007 _d43007 |
||